| 000 | 00803cam a22002897a 4500 | ||
|---|---|---|---|
| 999 |
_c4352 _d4352 |
||
| 001 | 17309756 | ||
| 003 | GZU | ||
| 005 | 20210315151246.0 | ||
| 008 | 120519s2012 rh 000 p eng | ||
| 010 | _a 2012314069 | ||
| 020 | _a9780797449008 | ||
| 040 |
_aDLC _cDLC |
||
| 042 | _alcode | ||
| 050 | 0 | 0 | _aPR9390 MAS 2012 |
| 100 | 1 |
_aMasitera, Lilian. _eauthor |
|
| 245 | 1 | 0 |
_aMilitant shadow / _cLilian Masitera. |
| 250 | _a2nd ed. | ||
| 260 |
_aHarare : _bNow I can Play, _c2012. |
||
| 300 |
_a60 p. ; _c21 cm. |
||
| 500 | _aFirst published in 1996 by Minerva Press, London. | ||
| 650 | _2Women. | ||
| 650 | _2Mothers. | ||
| 650 | _2Girls. | ||
| 906 |
_a7 _bcbc _corigode _d4 _encip _f20 _gy-gencatlg |
||
| 942 |
_2lcc _cBK _h9390 _iMAS _kPR |
||